[Event "5th Vergani Cup Dec. A 2020"]
[Site "Bassano del Grappa"]
[Date "2020.12.30"]
[Round "8.3"]
[White "Niemann, Hans Moke"]
[Black "Basso, Pier Luigi"]
[Result "1-0"]
[WhiteElo "2472"]
[BlackElo "2561"]
[Annotator "TA"]
[PlyCount "103"]
[EventDate "2020.12.26"]
[EventType "swiss"]
[EventCountry "ITA"]
[SourceTitle "playchess.com"]
[Source "ChessBase"]
[SourceQuality "1"]

{[%evp 14,103,7,-5,1,-33,-28,-22,-24,-29,-13,-58,-24,-44,-27,-41,-6,-14,0,-10,1,15,28,28,58,27,43,40,101,107,137,128,128,143,175,101,225,224,233,219,213,0,343,377,333,350,310,308,506,505,656,678,672,696,1318,1343,1306,1337,1151,1247,1202,1202,1187,1136,1032,950,29977,29978,29980,29981,29981,29982,29980,29981,29983,29979,29983,29984,29984,29985,29986,29987,29988,29989,29989,29990,29990,29990,29991,29992,29995,29996]} 1. Nf3 d5 2. c4 c6 3. e3 Nf6 4. Nc3 e6 5. b3 Bd6 6. Bb2 O-O 7. d4 Nbd7 8. Bd3 Re8 {D46: Semi-Slav: 5 e3 Nbd7 6 Bd3, Black avoids the Meran.} 9. cxd5 exd5 10. Qc2 Qe7 {The position is equal.} 11. Nd2 Nf8 12. O-O-O {[#]} Ba3 $146 ({Predecessor:} 12... b5 13. Kb1 a5 14. e4 b4 15. e5 bxc3 16. exd6 Qxd6 17. Qxc3 Ng4 18. Rdf1 Ng6 {1-0 (36) Agrest,E (2545)-Wikstrom,P (2195) Stockholm 1998}) 13. h3 Be6 14. g4 Bxb2+ 15. Kxb2 c5 16. dxc5 Rec8 17. Nf3 N6d7 18. Nd4 Nxc5 19. f4 a5 20. a3 {[%cal Ba2a3,Ba3a4][%mdl 32]} b5 (20... h6 $14) 21. Bxb5 $16 (21. Ncxb5 Na4+ $1 22. bxa4 Rxc2+ 23. Bxc2 Bd7 $17) (21. Ndxb5 d4 $15) 21... Bd7 22. Qd2 Rab8 23. a4 $1 (23. Nxd5 $6 Qd6 $14) 23... Nfe6 24. Nxd5 (24. Nf5 $1 $18 {[%cal Rf5e7]} Qf6 25. Ka2) 24... Qe8 {[#]} (24... Qd8 $16 {is a better defense.}) 25. Bxd7 $1 $18 Qxd7 26. Nb5 Kh8 {[#]} 27. f5 $2 (27. Qxa5 Nxb3 28. Kxb3 (28. Qb4 Nbc5 $11) 28... Nc5+ 29. Ka3 Ra8 $14) (27. Qe2 $1 $18) 27... Nxa4+ {[%mdl 8192]} 28. bxa4 Nc5 29. Ka2 (29. Qxa5 $2 Nxa4+ 30. Qxa4 Rxb5+ 31. Nb4 Qb7 $19) 29... Nxa4 {[#]} 30. Ndc7 Qc6 (30... Qe7 31. Rb1 (31. Qd4 Rxc7 32. Qxa4 Rcb7 $18) 31... Rd8 32. Qxa5 Qe4) 31. Rc1 Nc5 32. Rhd1 h6 33. Rc4 Rd8 34. Qxd8+ Rxd8 35. Rxd8+ Kh7 36. Rd5 Qf6 37. Rcxc5 Qh4 38. Re5 Qxh3 39. Nd6 Qxg4 40. Nd5 {White mates.} Qg2+ 41. Ka3 Qg1 42. Re8 Qa1+ 43. Kb3 Qd1+ 44. Ka2 a4 45. Nxf7 {[%csl Gf7][%cal Re8h8]} Qb3+ 46. Ka1 {[%csl Gf7][%cal Re8h8]} Qd1+ 47. Kb2 {[%csl Gf7][%cal Re8h8]} Qb3+ 48. Kc1 {[%csl Gf7][%cal Re8h8]} Qa3+ 49. Kd2 {[%csl Gf7][%cal Re8h8]} Qa2+ 50. Ke1 {[%csl Gf7][%cal Re8h8]} Qa1+ 51. Kf2 {[%csl Gf7][%cal Re8h8]} g5 52. Rc7 {[%cal Rf7g5] Weighted Error Value: White=0.15/Black=0.46} 1-0

[Event "5th Vergani Cup Dec. A 2020"]
[Site "Bassano del Grappa"]
[Date "2020.12.30"]
[Round "8.4"]
[White "Checa, Nicolas"]
[Black "Bettalli, Francesco"]
[Result "1-0"]
[WhiteElo "2527"]
[BlackElo "2232"]
[Annotator "TA"]
[PlyCount "63"]
[EventDate "2020.12.26"]
[EventType "swiss"]
[EventCountry "ITA"]
[SourceTitle "playchess.com"]
[Source "ChessBase"]
[SourceQuality "1"]

{[%evp 10,63,0,-7,26,34,43,53,68,64,93,87,94,92,84,87,88,85,111,96,96,82,85,79,108,113,118,106,108,89,105,100,225,243,248,241,640,295,291,290,267,252,248,250,503,501,629,598,803,785,800,720,919,912,947,925]} 1. d4 Nf6 2. c4 g6 3. Nc3 d5 4. Nf3 Bg7 5. Bf4 O-O 6. Rc1 Nh5 {D92: Grünfeld: 4 Nf3 Bg7 5 Bf4.} 7. Be5 ({Of course not} 7. Nxd5 Nxf4 8. Nxf4 c5 $15) 7... Bxe5 8. Nxe5 {[#]} f6 $146 {White is slightly better.} ({Predecessor:} 8... Nf6 9. e3 c6 10. f4 Ne4 11. Bd3 Nxc3 12. Rxc3 f6 13. Nf3 Bg4 14. O-O e6 {1-0 (30) Mulde,R (1988)-Laczay,I (1950) ICCF email 2011}) 9. Nf3 dxc4 10. e3 Be6 11. Qa4 c6 12. Bxc4 Bf7 13. O-O Nd7 14. Bxf7+ Rxf7 15. Rfd1 Nb6 16. Qb3 Qe8 17. Ne4 Ng7 18. Nc5 e6 19. e4 Nd7 20. e5 f5 (20... Rb8 $16 {is a better defense.}) 21. Nxb7 $18 {[%mdl 64] [#] Threatens to win with Nd6. Discovered Attack} Rb8 {intending ...Qe7.} 22. Ng5 ({Don't take} 22. Rxc6 $6 Qe7 $16) 22... Nc5 $2 (22... Rf8 23. Rxc6 Nxe5) 23. dxc5 (23. Qh3 $142 Nxb7 24. Qxh7+ Kf8 25. d5 exd5 26. Qxg6 {[%mdl 64] Double Attack}) 23... Rfxb7 24. Qh3 Nh5 25. Rd6 Rxb2 26. Nxe6 Qe7 $2 {[#]} (26... Rb1 {was worth a try.} 27. Qc3 Ng7) 27. Qd3 {White is clearly winning.} R2b4 28. g3 Re8 29. Rxc6 Ng7 30. Nxg7 Qxg7 31. Qd5+ Kh8 32. Re6 {Black got outplayed after the opening.  Weighted Error Value: White=0.17/Black=0.52} 1-0

[Event "5th Vergani Cup Dec. A 2020"]
[Site "Bassano del Grappa"]
[Date "2020.12.30"]
[Round "8.5"]
[White "Formento, Paolo"]
[Black "Dardha, Daniel"]
[Result "0-1"]
[WhiteElo "2315"]
[BlackElo "2487"]
[Annotator "TA"]
[PlyCount "86"]
[EventDate "2020.12.26"]
[EventType "swiss"]
[EventCountry "ITA"]
[SourceTitle "playchess.com"]
[Source "ChessBase"]
[SourceQuality "1"]

{[%evp 12,86,19,22,41,48,42,31,35,35,43,18,32,-43,-39,-39,-45,-60,-56,-62,-33,-35,-47,-37,-39,-47,-43,-47,-35,-53,-53,-50,-51,-63,-48,-57,-65,-63,-52,-50,-50,-101,-46,-155,-144,-166,-155,-157,-153,-160,-159,-168,-123,-310,-301,-481,-480,-474,-454,-430,-402,-475,-438,-902,-892,-825,-824,-891,-850,-843,-714,-1089,-877,-972,-960,-906,-807]} 1. c4 b6 2. d4 Nf6 3. Nf3 Bb7 4. g3 g6 5. Bg2 Bg7 6. O-O O-O 7. d5 {is the new trend.} e6 {[%cal Re6d5] A50: Queen's Fianchetto Defence (1 d4 Nf6 2 c4 b6).} 8. Nc3 exd5 9. cxd5 Re8 {White is slightly better.} 10. Nd4 Na6 {[%cal Bb8a6,Ba6c5,Bc5e4][%mdl 32]} 11. Re1 Nc5 {[#]} 12. Nb3 $146 ({Better is} 12. Bg5 $14) ({Predecessor:} 12. e4 Nxd5 13. Nxd5 Bxd5 14. Nf5 gxf5 15. exd5 Rxe1+ 16. Qxe1 Qe8 17. Qd1 d6 18. Rb1 {½-½ (58) Aronian,L (2797)-Mamedyarov,S (2765) Beijing 2014}) 12... Nce4 $15 13. Nxe4 Nxe4 14. f3 Nd6 15. e4 f5 16. Rb1 fxe4 17. fxe4 c5 18. Bf4 Nf7 19. Nc1 d6 20. Nd3 Bd4+ 21. Kh1 Qf6 22. Bd2 g5 23. Qc2 Re7 24. Bc3 Rae8 25. Bxd4 Qxd4 26. Qc3 {[#]} (26. Rbd1 $15) 26... Rxe4 ({Black should try} 26... Qxc3 $1 $17 27. bxc3 Ba6) 27. Qxd4 (27. Bxe4 $15 Rxe4 28. Qxd4 Rxd4 29. Re8+ Kg7 30. Nf2) 27... Rxe1+ $17 28. Rxe1 Rxe1+ (28... cxd4 $2 {too greedy.} 29. Rxe8+ Kg7 30. Nf2 $18) 29. Nxe1 cxd4 {[%mdl 4096] Endgame KBN-KBN} 30. Kg1 Ne5 31. Kf2 Ba6 32. h3 $2 {[#] Loses the game.} (32. Nc2 $17 {is a better defense.}) 32... Nd3+ $19 33. Nxd3 (33. Ke2 $142 Nxb2+ 34. Kd2) 33... Bxd3 {KB-KB} 34. Ke1 Kg7 35. Kd2 Bb1 36. a3 Kf6 {Black is clearly winning.} 37. Kc1 (37. h4 $142 gxh4 38. gxh4) 37... Bf5 38. Kd2 Ke5 39. b3 Be4 40. Bf1 Bxd5 41. b4 Be4 42. Be2 Bf5 43. Bf1 h5 {Weighted Error Value: White=0.49/Black=0.12} 0-1

[Event "5th Vergani Cup Dec. A 2020"]
[Site "Bassano del Grappa"]
[Date "2020.12.30"]
[Round "8.6"]
[White "Blohberger, Felix"]
[Black "Materia, Marco"]
[Result "1-0"]
[WhiteElo "2469"]
[BlackElo "2281"]
[Annotator "TA"]
[PlyCount "147"]
[EventDate "2020.12.26"]
[EventType "swiss"]
[EventCountry "ITA"]
[SourceTitle "playchess.com"]
[Source "ChessBase"]
[SourceQuality "1"]

{[%evp 14,147,18,18,34,29,46,39,27,36,54,41,55,49,85,71,59,63,65,75,72,66,87,89,168,179,166,189,189,188,207,194,180,135,146,134,212,221,221,217,219,206,214,226,210,225,220,215,317,317,261,260,388,291,293,287,283,291,314,303,327,318,278,267,339,271,278,272,271,252,252,245,370,372,613,387,674,555,743,781,644,558,1362,1367,1706,2117,1254,5143,4466,2151,1764,1558,1072,864,29956,29960,29964,29968,29966,29969,29969,29970,29969,29968,29975,29974,29974,29970,29968,29971,29976,29977,29977,29978,29978,29979,29979,29980,29980,29981,29982,29982,29983,29984,29984,29985,29987,29987,29987,29988,29990,29991,29991,29989,29991,29992]} 1. e4 e5 2. Nf3 Nc6 3. Bb5 a6 4. Ba4 Nf6 5. O-O Be7 6. Re1 b5 7. Bb3 d6 8. a4 {White wants to play axb5.} Bd7 {now supersedes 8...Bg4. C90: Closed Ruy Lopez with 7...d6: Early deviations.} 9. c3 Na5 10. Bc2 c5 {White is slightly better.} 11. d4 cxd4 12. cxd4 Nc6 13. Nc3 {[#]} exd4 $146 ({Predecessor:} 13... b4 14. Nd5 a5 15. h3 O-O 16. Be3 Nxd5 17. exd5 Nxd4 18. Nxd4 exd4 19. Bxd4 Bf6 {½-½ (47) Ociepka,T (1812)-Knapik,L (1889) Krakow 2013}) 14. Nxd4 O-O 15. axb5 Nxd4 16. Qxd4 axb5 17. Bf4 Bc6 18. Rad1 Qa5 (18... Re8 $16 {is a better defense.}) 19. Bxd6 $18 Bxd6 20. Qxd6 Rac8 21. Bb3 Qa8 {[%cal Rf6e4]} 22. Qb4 {And now e5 would win.} Rfd8 23. Qe7 {Hoping for e5.} (23. Nxb5 Rxd1 24. Rxd1 (24. Bxd1 Qb7 $17) 24... Bxb5 $16) 23... Rxd1 24. Rxd1 ({Much less strong is} 24. Bxd1 $6 Re8 $14) 24... b4 (24... Nxe4 $16 {might work better.} 25. f3 (25. Qxf7+ Kh8 $16) 25... Nf6) 25. Bxf7+ Kh8 26. Qxb4 Nxe4 27. Nxe4 Bxe4 28. Be6 Re8 {[#]} 29. Bh3 h6 30. Re1 Bb7 (30... Rd8 {was called for.} 31. g3 Bg6) 31. Rxe8+ Qxe8 32. g3 Qf7 (32... Bd5 $142 33. Bf1 Qe5 34. Qf8+ Kh7 35. Bd3+ Be4) 33. Bg2 Bxg2 34. Kxg2 {[%mdl 4096] Endgame KQ-KQ} Qd5+ 35. f3 Qd3 36. Qe1 {[#] aiming for Qe8+.} Qc2+ 37. Qf2 Qb3 38. Qd2 Qa2 39. Kf2 Qa7+ 40. Qe3 Qa2 41. Qa3 Qd5 42. Qc3 Qa2 (42... Kh7 {was necessary.} 43. h4 g6) 43. h4 Qe6 $2 (43... Qa7+ 44. Kg2 Qe7 45. Qc8+ Kh7) 44. g4 Qd6 (44... h5 45. Qa5 Kg8 46. gxh5 Qc4) 45. Kg2 Qe6 46. h5 Qe2+ 47. Kg3 Qd1 48. b4 Qg1+ 49. Kf4 Qb6 50. Qc8+ Kh7 51. Qc5 Qb8+ 52. Ke4 Qe8+ 53. Kd4 Qd8+ 54. Kc4 {White mates.} Qd1 55. Qf5+ Kh8 56. b5 Qc1+ 57. Kd5 Qc7 58. Qe6 Qb7+ 59. Kc5 Qc7+ 60. Kb4 Qf4+ 61. Ka5 Qc7+ 62. Ka6 Qc3 63. Qe8+ Kh7 64. Qe4+ Kh8 65. b6 {[%cal Bb5b6,Bb6b7][%mdl 32]} Qa3+ 66. Kb7 Qc5 67. Qe6 Qa3 68. Kb8 Qb2 69. b7 Kh7 70. Qe4+ Kh8 71. Kc7 Qc3+ 72. Qc6 Qe5+ 73. Kd7 Qd4+ 74. Kc8 {Weighted Error Value: White=0.17/Black=0.40} 1-0

[Event "5th Vergani Cup Dec. A 2020"]
[Site "Bassano del Grappa"]
[Date "2020.12.30"]
[Round "8.7"]
[White "Lumachi, Gabriele"]
[Black "Dionisi, Thomas"]
[Result "1/2-1/2"]
[WhiteElo "2297"]
[BlackElo "2418"]
[Annotator "TA"]
[PlyCount "70"]
[EventDate "2020.12.26"]
[EventType "swiss"]
[EventCountry "ITA"]
[SourceTitle "playchess.com"]
[Source "ChessBase"]
[SourceQuality "1"]

{[%evp 17,70,9,35,25,50,39,52,27,89,84,93,83,89,94,89,77,82,79,119,119,97,91,90,97,96,89,109,105,108,103,107,82,85,94,98,74,120,31,37,37,44,18,18,15,9,3,15,0,0,0,0,0,0,0,0]} 1. d4 Nf6 2. c4 e6 3. Nc3 Bb4 4. Nf3 c5 5. g3 Ne4 6. Qd3 Qa5 7. Qxe4 Bxc3+ 8. Bd2 Bxd2+ 9. Nxd2 O-O 10. dxc5 {E20: Nimzo-Indian: 4 g3 and 4 f3.} Na6 11. a3 {[#]} Nxc5 $146 ({Predecessor:} 11... f5 12. Qc2 Qxc5 13. Bg2 Rb8 14. O-O b6 15. b4 Qc7 16. Qd3 Bb7 17. Rfd1 Bxg2 18. Kxg2 {½-½ (52) Elissalt Cardenas,H (2265)-Foyo,R (2305) Havana 1992}) 12. Qe3 {[#] Threatens to win with b4.White is slightly better.} Na6 (12... Qc7 $11 {remains equal.}) 13. Bg2 $16 d5 14. Rd1 dxc4 15. O-O Qb5 16. Qc3 Bd7 17. Nxc4 {[#] a4! is the strong threat.} Bc6 18. Nd6 Qb6 19. Qd4 Qxd4 20. Rxd4 Bxg2 21. Kxg2 b6 22. Nb5 Nc5 23. b4 Na4 24. Rd7 a6 25. Na7 g6 26. Rc1 Rfd8 27. Rcc7 (27. Rb7 $16) 27... Rxd7 $14 28. Rxd7 {[%mdl 4096] Endgame KRN-KRN} b5 29. Rb7 Nb2 {The position is equal.} 30. Nc6 Nc4 31. h4 Kf8 32. Nb8 Nd6 33. Rb6 Nc4 34. Rb7 Nd6 35. Rb6 Nc4 {Weighted Error Value: White=0.13/Black=0.09} 1/2-1/2

[Event "5th Vergani Cup Dec. A 2020"]
[Site "Bassano del Grappa"]
[Date "2020.12.30"]
[Round "8.8"]
[White "Yu, Jennifer"]
[Black "Samoun, Florent"]
[Result "0-1"]
[WhiteElo "2315"]
[BlackElo "2293"]
[Annotator "TA"]
[PlyCount "86"]
[EventDate "2020.12.26"]
[EventType "swiss"]
[EventCountry "ITA"]
[SourceTitle "playchess.com"]
[Source "ChessBase"]
[SourceQuality "1"]

{[%evp 10,86,28,33,43,13,20,4,22,-12,29,33,36,-47,45,37,43,34,48,48,57,0,0,0,5,19,19,10,19,25,39,32,41,29,34,44,51,43,67,46,67,45,56,21,68,75,75,82,287,225,247,243,250,230,239,228,588,583,571,548,1097,793,790,788,781,765,745,450,659,659,703,503,524,503,608,521,521,500,477]} 1. d4 Nf6 2. c4 e6 3. Nc3 Bb4 4. e3 Bxc3+ 5. bxc3 d6 6. Bd3 Nc6 {E40: Nimzo-Indian: Rubinstein (4 e3): Unusual Black 4th moves.} 7. Nf3 e5 {[#] White must now prevent ...e4.} 8. e4 Bg4 {The position is equal.} 9. Be3 Qe7 10. O-O O-O {[#]} 11. Qb1 $146 ({White should try} 11. Rb1 $14) ({Predecessor:} 11. h3 Bh5 12. Rb1 b6 13. Qa4 exd4 14. cxd4 Bxf3 15. gxf3 Na5 16. Qc2 Rfe8 17. Kh2 {1-0 (47) Scheer,W (2219)-Nackas,H (2027) Remote email 2012}) 11... Rab8 ({Black should play} 11... Bxf3 $15 12. gxf3 Rfb8) 12. Nd2 $14 Nh5 13. f3 Bd7 14. d5 Na5 15. Bxa7 (15. Nb3 $14 b6 16. Nxa5 bxa5 17. Qc1) 15... Ra8 $11 16. Be3 b6 17. g3 Nb7 18. Nb3 Kh8 19. Rf2 Rfe8 20. Qc2 Ba4 21. Re1 Nc5 22. Bf1 Rab8 23. Qb1 Nd7 24. Bd3 Ra8 25. f4 exf4 26. gxf4 ({Of course not} 26. Bxf4 Nxf4 27. gxf4 g5 $15) 26... Qh4 27. Nd4 $1 {[%cal Rd4f5] Nf5 is the strong threat.} Nc5 28. Nf5 $36 {[%mdl 2048] White is on the roll.} Qh3 {[#] A mistake that costs the game.} (28... Qd8 $16) 29. Bf1 $1 $18 {[%cal Rf1h3]} Qg4+ 30. Rg2 Qf3 31. Be2 Qxe4 32. Qxe4 ({Don't do} 32. Bxh5 $6 Nd3) 32... Nxe4 (32... Rxe4 {is more resistant.} 33. Bxh5 Nd3) 33. Bxh5 {White is clearly winning.} g6 34. Bd4+ f6 35. Bf3 Bd7 36. Rxe4 Bxf5 37. Rxe8+ Rxe8 38. Bxf6+ Kg8 39. Re2 Ra8 40. Rd2 Ra4 41. Be2 Bb1 42. Rb2 Bxa2 43. Bd1 Ra8 {[%mdl 32768] Weighted Error Value: White=0.29/Black=0.37. Loss on time!?} 0-1

[Event "5th Vergani Cup Dec. A 2020"]
[Site "Bassano del Grappa"]
[Date "2020.12.30"]
[Round "8.9"]
[White "Mattarella, Pietro"]
[Black "Zarpellon, Daniel"]
[Result "1/2-1/2"]
[WhiteElo "1720"]
[BlackElo "1893"]
[Annotator "NA RC"]
[PlyCount "25"]
[EventDate "2020.12.26"]
[EventType "swiss"]
[EventCountry "ITA"]
[SourceTitle "playchess.com"]
[Source "ChessBase"]
[SourceQuality "1"]

{[%evp 8,25,34,19,10,-3,-2,-6,8,0,8,7,17,18,10,15,-13,-28,-8,-26]} 1. Nf3 {[%emt 0:00:00]} Nf6 {[%emt 0:04:57]} 2. g3 {[%emt 0:00:10]} g6 {[%emt 0:01:43]} 3. Bg2 {[%emt 0:00:07]} Bg7 {[%emt 0:00:06]} 4. O-O {[%emt 0:01:49]} O-O {[%emt 0:00:07]} 5. d4 {[%emt 0:01:47]} d5 {[%emt 0:00:27]} 6. Bg5 {[%emt 0:08:50]} Nbd7 {[%emt 0:00:54]} 7. Qc1 {[%emt 0:00:35]} c6 {[%emt 0:02:58]} 8. Bh6 {[%emt 0:00:49]} Re8 {[%emt 0:02:32]} 9. Bxg7 {[%emt 0:00:30]} Kxg7 {[%emt 0:00:11]} 10. c4 {[%emt 0:23:57]} dxc4 {[%emt 0:20:53]} 11. Qxc4 {[%emt 0:00:44]} e5 {[%emt 0:00:43]} 12. Nc3 {[%emt 0:22:48]} Nb6 {[%emt 0:03:37]} 13. Qc5 $11 {[%emt 0:02:24]} 1/2-1/2

[Event "5th Vergani Cup Dec. A 2020"]
[Site "Bassano del Grappa"]
[Date "2020.12.30"]
[Round "8.10"]
[White "Budyi, Danylo"]
[Black "Dallaglio, Giovanni"]
[Result "1/2-1/2"]
[WhiteElo "1702"]
[BlackElo "1768"]
[Annotator "NA RC"]
[PlyCount "93"]
[EventDate "2020.12.26"]
[EventType "swiss"]
[EventCountry "ITA"]
[SourceTitle "playchess.com"]
[Source "ChessBase"]
[SourceQuality "1"]

1. d4 {[%emt 0:00:00]} e6 {[%emt 0:06:54]} 2. c4 {[%emt 0:00:24]} d5 {[%emt 0:00:10]} 3. Nc3 {[%emt 0:00:13]} Nf6 {[%emt 0:00:12]} 4. Bg5 {[%emt 0:00:03]} Be7 {[%emt 0:00:10]} 5. Nf3 {[%emt 0:00:17]} Nbd7 {[%emt 0:00:19]} 6. e3 {[%emt 0:00:26]} O-O {[%emt 0:00:46]} 7. Bd3 {[%emt 0:01:12]} h6 {[%emt 0:00:20]} 8. Bh4 {[%emt 0:00:07]} dxc4 {[%emt 0:00:12]} 9. Bxc4 {[%emt 0:00:03]} a6 {[%emt 0:01:03]} 10. a4 {[%emt 0:00:11]} c5 {[%emt 0:00:37]} 11. O-O {[%emt 0:04:03]} Qc7 {[%emt 0:01:33]} 12. Bg3 {[%emt 0:16:29]} Bd6 {[%emt 0:01:53]} 13. Bxd6 {[%emt 0:04:07]} Qxd6 {[%emt 0:00:12]} 14. dxc5 {[%emt 0:10:03]} Qxc5 {[%emt 0:02:14]} 15. Qd4 {[%emt 0:02:06]} Qc7 {[%emt 0:09:10]} 16. Ne4 {[%emt 0:03:32]} Nxe4 {[%emt 0:00:34]} 17. Qxe4 {[%emt 0:55:14]} Nf6 {[%emt 0:00:39]} 18. Qc2 {[%emt 0:00:00]} Bd7 {[%emt 0:00:23]} 19. Rac1 {[%emt 0:00:00]} Rac8 {[%emt 0:00:28]} 20. b3 {[%emt 0:00:00]} Qa5 {[%emt 0:00:45]} 21. Qd2 {[%emt 0:00:00]} Qh5 {[%emt 0:01:03]} 22. Be2 {[%emt 0:00:00]} Bc6 {[%emt 0:02:43]} 23. Nd4 {[%emt 0:00:00]} Qd5 {[%emt 0:04:41]} 24. Bf3 {[%emt 0:00:00]} Qd6 {[%emt 0:02:04]} 25. Bxc6 {[%emt 0:00:00]} Rxc6 {[%emt 0:01:17]} 26. Rxc6 {[%emt 0:00:00]} bxc6 {[%emt 0:00:11]} 27. Qc2 {[%emt 0:00:00]} c5 {[%emt 0:00:57]} 28. Nf3 {[%emt 0:00:00]} Rd8 {[%emt 0:02:01]} 29. h3 {[%emt 0:00:00]} Qd5 {[%emt 0:04:16]} 30. Rc1 {[%emt 0:00:00]} Ne4 {[%emt 0:00:23]} 31. Qc4 {[%emt 0:00:00]} Rb8 {[%emt 0:02:58]} 32. Qxa6 {[%emt 0:00:00]} Rxb3 {[%emt 0:00:16]} 33. Qc8+ {[%emt 0:00:00]} Kh7 {[%emt 0:00:08]} 34. a5 {[%emt 0:07:13]} Rb2 {[%emt 0:02:20]} 35. Rf1 {[%emt 0:01:11]} c4 {[%emt 0:01:58]} 36. a6 {[%emt 0:00:22]} c3 {[%emt 0:00:20]} 37. a7 {[%emt 0:00:35]} Ra2 {[%emt 0:00:06]} 38. Qc7 {[%emt 0:00:33]} f6 {[%emt 0:02:15]} 39. Nd4 {[%emt 0:00:28]} Qa5 {[%emt 0:07:12]} 40. Qxa5 {[%emt 0:00:36]} Rxa5 {[%emt 0:00:04]} 41. Nb5 {[%emt 0:30:26]} Ra2 {[%emt 0:35:27]} 42. Rc1 {[%emt 0:00:23]} Nd2 {[%emt 0:25:49]} 43. Rxc3 {[%emt 0:00:41]} Ra1+ {[%emt 0:00:40]} 44. Kh2 {[%emt 0:00:04]} Nf1+ {[%emt 0:00:18]} 45. Kg1 {[%emt 0:00:25]} Nxe3+ {[%emt 0:00:23]} 46. Kh2 {[%emt 0:00:03]} Nf1+ {[%emt 0:08:55]} 47. Kg1 {[%emt 0:00:04]} 1/2-1/2

[Event "5th Vergani Cup Dec. A 2020"]
[Site "Bassano del Grappa"]
[Date "2020.12.30"]
[Round "9.3"]
[White "Basso, Pier Luigi"]
[Black "Warmerdam, Max"]
[Result "1/2-1/2"]
[WhiteElo "2561"]
[BlackElo "2506"]
[Annotator "TA"]
[PlyCount "38"]
[EventDate "2020.12.26"]
[EventType "swiss"]
[EventCountry "ITA"]
[SourceTitle "playchess.com"]
[Source "ChessBase"]
[SourceQuality "1"]

{[%evp 9,19,28,35,0,0,-12,12,10,10,-2,-8,-42]} 1. d4 d5 2. c4 e6 3. Nf3 a6 4. cxd5 exd5 5. Nc3 c6 6. g3 {D31: Queen's Gambit Declined: Semi-Slav without ...Nf6 (+ Marshall Gambit and Noteboom) and Exchange Variation lines without ...Nf6.} Nf6 {The position is equal.} 7. Bg2 Bd6 8. O-O O-O 9. Bg5 Nbd7 10. Qc2 {[#] A rather calm draw.  Weighted Error Value: White=0.15/Black=0.06} {Predecessor:} h6 $146 11. Bf4 Bxf4 12. gxf4 Ne8 13. Kh1 Nd6 14. e3 Nf6 15. Ne5 Nf5 16. Kg1 Nh4 17. f3 Ne8 18. Qf2 Nxg2 19. Kxg2 Be6 {0-1 (19) Neverov,V (2566)-Aleksandrov,A (2659) Budva 2003} 1/2-1/2

[Event "5th Vergani Cup Dec. A 2020"]
[Site "Bassano del Grappa"]
[Date "2020.12.30"]
[Round "9.4"]
[White "Samoun, Florent"]
[Black "Mendonca, Leon Luke"]
[Result "0-1"]
[WhiteElo "2293"]
[BlackElo "2516"]
[Annotator "TA"]
[PlyCount "70"]
[EventDate "2020.12.26"]
[EventType "swiss"]
[EventCountry "ITA"]
[SourceTitle "playchess.com"]
[Source "ChessBase"]
[SourceQuality "1"]

{[%evp 13,70,0,22,-17,-18,-24,-25,-84,-68,-138,-114,-120,-120,-162,-155,-161,-146,-158,-138,-141,-123,-135,-121,-130,-129,-137,-133,-307,-292,-408,-395,-350,-249,-301,-283,-525,-514,-648,-685,-667,-639,-854,-820,-809,-789,-1364,-1352,-2463,-2381,-2033,-1615,-1615,-1582,-7246,-1189,-1185,-1187,-29995,-29991]} 1. c4 c6 2. e4 d5 3. cxd5 cxd5 4. exd5 Nf6 5. Nc3 Nxd5 6. d4 Nc6 7. Nf3 e6 8. Bd2 {B14: Caro-Kann: Panov-Botvinnik Attack with 5...e6 and 5...g6.} Be7 {[#]} 9. Qb3 $146 ({Predecessor:} 9. a3 O-O 10. Bd3 Nxc3 11. bxc3 b6 12. O-O Bb7 13. Re1 Rc8 14. Ne5 Nxe5 15. Rxe5 {½-½ (66) Lan,Z (2346)-Xiang,Z (2411) China 2018}) 9... Nf6 10. O-O-O (10. Bb5 $11 {keeps the balance.}) 10... O-O $17 11. Bf4 (11. Bg5 $15) 11... b6 12. h4 Bb7 13. h5 Rc8 14. h6 g6 15. Kb1 Na5 16. Qb5 a6 17. Qe5 Nc6 $36 {[%mdl 2048] Black is in control.} 18. Qe1 b5 {[%cal Bb6b5,Bb5b4,Bb4a3,Ba3b2][%mdl 32]} 19. Bd3 Nb4 $1 {aiming for ...Qa5.} 20. Ka1 $2 (20. Bg5 $17) 20... Nfd5 $19 21. Nxd5 Bxd5 ({Less strong is} 21... Qxd5 22. Bb1 $17) 22. a3 ({But not} 22. Qe5 f6 $19) 22... Nc6 23. Be4 {[#]} b4 $1 24. Ne5 $2 (24. Bxd5 Qxd5 25. Rd3) 24... bxa3 25. Nxc6 axb2+ (25... Bxc6 $2 26. b3 $19) 26. Kb1 Bxc6 27. d5 exd5 28. Bc2 Bf6 {Strongly threatening ...Re8.} 29. Rh3 Bd7 30. Ra3 {[#]} Rxc2 $1 {[%mdl 64] Clearance} 31. Kxc2 Bf5+ 32. Kd2 Qb6 {Hoping for ...Qb4+.} 33. Be5 Bxe5 (33... Qb4+ $142 34. Rc3 {[#]} d4 $1 {[%mdl 64] Pin}) 34. Qxe5 Qxf2+ {[%mdl 64] Double Attack} 35. Kc3 Qc2+ {Black took control after the opening.  Weighted Error Value: White=1.23/Black=0.45} 0-1